Greek Birds Quiz - Statistics

General Stats
  • This quiz has been taken 20 times
  • The average score is 9 of 16
Answer Stats
Picture Answer % Correct
Hoopoe
92%
Bee-Eater
83%
Chaffinch
75%
Jay
75%
Bullfinch
67%
Roller
67%
Woodpigeon
67%
Golden Oriole
58%
Greater Flamingo
58%
Blackcap
50%
Chough
50%
Cinereous Vulture
50%
Dunnock
42%
Ferruginous Duck
42%
Little Bittern
33%
Yellow Wagtail
33%
No matching quizzes found
Score Distribution
Percent of People with Each Score
Percentile by Number Answered
Your Score History
You have not taken this quiz